| 000 | nam a22 a 4500 | ||
|---|---|---|---|
| 999 |
_c2852 _d2852 |
||
| 003 | AKMAL | ||
| 005 | 20170518123345.0 | ||
| 008 | 170518s2007 my da e | 000 0 eng d | ||
| 020 | _a9789675091032 (pbk.) | ||
| 040 |
_aAKMAL _cAKMAL |
||
| 082 | 0 | 0 |
_a657.45070595 IMP _222 |
| 090 | 0 | 0 |
_a657.45070595 _bIMP |
| 100 | 0 |
_aNorhaslinda Zakariya _96016 |
|
| 245 | 1 | 0 |
_aImpact of non-audit services on auditor independence : _ban empirical analysis / _cNorhaslinda Zakariya, M. Shanmugan, Mukesh Kumar |
| 260 |
_aKuala Lumpur : _bInstitut Integriti Malaysia, _c2007 |
||
| 300 |
_ax, 85p. : _bill. ; _c23cm. |
||
| 490 | 1 | _aCorporate integrity framework research monograph | |
| 650 | 1 | 0 |
_aAuditing _xResearch _zMalaysia _96017 |
| 650 | 2 | 0 |
_aAuditors _xMalpractice _xResearch _zMalaysia _96018 |
| 700 | 0 |
_aShanmugam, S. _96019 |
|
| 700 | 0 |
_aMukesh Kumar _96020 |
|
| 830 | 0 |
_aResearch monograph series in corporate integrity framework _94600 |
|
| 942 |
_2ddc _cBOOK |
||